10+ Eredivisie Goals In A Season - Statistics

General Stats
  • This quiz has been taken 25 times
  • The average score is 79 of 300
Answer Stats
% Correct
2018/19 Ajax Netherlands 35 Klaas-Jan Huntelaar 16
81%
2017/18 Ajax Netherlands 34 Klaas-Jan Huntelaar 13
81%
2022/23 Ajax Serbia 34 Dušan Tadić 11
76%
2021/22 Ajax Serbia 33 Dušan Tadić 13
76%
2020/21 Ajax Serbia 32 Dušan Tadić 14
76%
2019/20 Ajax Serbia 31 Dušan Tadić 11
76%
2018/19 Ajax Serbia 30 Dušan Tadić 28
76%
2013/14 Twente Serbia 25 Dušan Tadić 16
76%
2012/13 Twente Serbia 24 Dušan Tadić 12
76%
2024/25 (So Far) PSV Netherlands 34 Luuk de Jong 12
76%
2023/24 PSV Netherlands 33 Luuk de Jong 29
76%
2022/23 PSV Netherlands 32 Luuk de Jong 14
76%
2018/19 PSV Netherlands 28 Luuk de Jong 28
76%
2017/18 PSV Netherlands 27 Luuk de Jong 12
76%
2015/16 PSV Netherlands 25 Luuk de Jong 26
76%
2014/15 PSV Netherlands 24 Luuk de Jong 20
76%
2011/12 Twente Netherlands 21 Luuk de Jong 25
76%
2010/11 Twente Netherlands 20 Luuk de Jong 12
76%
2021/22 Ajax Ivory Coast 27 Sébastien Haller 21
76%
2020/21 Ajax Ivory Coast 26 Sébastien Haller 11
76%
2016/17 Utrecht Ivory Coast 22 Sébastien Haller 13
76%
2015/16 Utrecht Ivory Coast 21 Sébastien Haller 17
76%
2014/15 Utrecht Ivory Coast 20 Sébastien Haller 11
76%
2012/13 Ajax Netherlands 24 Siem de Jong 12
76%
2011/12 Ajax Netherlands 23 Siem de Jong 13
76%
2010/11 Ajax Netherlands 22 Siem de Jong 12
76%
2018/19 Feyenoord Netherlands 35 Robin van Persie 16
71%
2018/19 PSV Mexico 23 Hirving Lozano 17
67%
2017/18 Feyenoord Mexico 22 Hirving Lozano 17
67%
2023/24 Feyenoord Mexico 23 Santiago Giménez 23
67%
2022/23 Feyenoord Mexico 22 Santiago Giménez 15
67%
2015/16 Ajax Poland 22 Arkadiusz Milik 21
62%
2014/15 Ajax Poland 21 Arkadiusz Milik 11
62%
2016/17 Feyenoord Netherlands 36 Dirk Kuyt 12
62%
2015/16 Feyenoord Netherlands 35 Dirk Kuyt 19
62%
2018/19 Ajax Morocco 26 Hakim Ziyech 16
62%
2015/16 Twente Morocco 23 Hakim Ziyech 17
62%
2014/15 Heerenveen & Twente Morocco 22 Hakim Ziyech 13
62%
2020/21 Feyenoord Netherlands 29 Steven Berghuis 18
62%
2019/20 Feyenoord Netherlands 28 Steven Berghuis 15
62%
2018/19 Feyenoord Netherlands 27 Steven Berghuis 12
62%
2017/18 Feyenoord Netherlands 26 Steven Berghuis 18
62%
2014/15 AZ Alkmaar Netherlands 23 Steven Berghuis 11
62%
2023/24 Ajax Netherlands 22 Brian Brobbey 18
57%
2022/23 Ajax Netherlands 21 Brian Brobbey 13
57%
2021/22 PSV Netherlands 23 Cody Gakpo 12
57%
2018/19 Ajax Denmark 21 Kasper Dolberg 11
57%
2016/17 Ajax Denmark 19 Kasper Dolberg 16
57%
2024/25 (So Far) AZ Alkmaar Ireland 23 Troy Parrott 14
57%
2023/24 Excelsior Ireland 22 Troy Parrott 10
57%
2023/24 AZ Alkmaar Greece 25 Vangelis Pavlidis 29
57%
2022/23 AZ Alkmaar Greece 24 Vangelis Pavlidis 12
57%
2021/22 AZ Alkmaar Greece 23 Vangelis Pavlidis 16
57%
2020/21 Willem II Greece 22 Vangelis Pavlidis 12
57%
2019/20 Willem II Greece 21 Vangelis Pavlidis 11
57%
2014/15 Vitesse Burkina Faso 19 Bertrand Traoré 13
52%
2014/15 PSV Netherlands 21 Memphis Depay 22
52%
2013/14 PSV Netherlands 20 Memphis Depay 12
52%
2023/24 Ajax Netherlands 26 Steven Bergwijn 12
52%
2022/23 Ajax Netherlands 25 Steven Bergwijn 12
52%
2018/19 PSV Netherlands 21 Steven Bergwijn 14
52%
2011/12 Heerenveen Netherlands 22 Bas Dost 32
48%
2010/11 Heerenveen Netherlands 21 Bas Dost 13
48%
2023/24 RKC Waalwijk Netherlands 24 David Min 10
48%
2017/18 Ajax Brazil 21 David Neres 14
48%
2017/18 AZ Alkmaar Netherlands 25 Wout Weghorst 18
48%
2016/17 AZ Alkmaar Netherlands 24 Wout Weghorst 13
48%
2015/16 Heracles Almelo Netherlands 23 Wout Weghorst 12
48%
2013/14 Heerenveen Iceland 25 Alfreð Finnbogason 29
43%
2012/13 Heerenveen Iceland 24 Alfreð Finnbogason 24
43%
2017/18 AZ Alkmaar Iran 24 Alireza Jahanbakhsh 21
43%
2016/17 AZ Alkmaar Iran 23 Alireza Jahanbakhsh 10
43%
2019/20 Ajax Netherlands 28 Quincy Promes 12
43%
2013/14 Twente Netherlands 22 Quincy Promes 11
43%
2024/25 (So Far) PSV United States 22 Ricardo Pepi 11
43%
2022/23 Groningen United States 20 Ricardo Pepi 12
43%
2010/11 Twente Netherlands 29 Theo Janssen 13
43%
2015/16 AZ Alkmaar Netherlands 21 Vincent Janssen 27
43%
2012/13 Vitesse Ivory Coast 24 Wilfried Bony 31
43%
2011/12 Vitesse Ivory Coast 23 Wilfried Bony 12
43%
2018/19 Willem II Sweden 19 Alexander Isak 13
38%
2020/21 PSV Netherlands 22 Donyell Malen 19
38%
2019/20 PSV Netherlands 20 Donyell Malen 11
38%
2018/19 PSV Netherlands 20 Donyell Malen 10
38%
2012/13 PSV Belgium 26 Dries Mertens 16
38%
2011/12 PSV Belgium 25 Dries Mertens 21
38%
2010/11 Utrecht Belgium 24 Dries Mertens 10
38%
2021/22 PSV Israel 34 Eran Zahavi 11
38%
2020/21 PSV Israel 33 Eran Zahavi 11
38%
2014/15 PSV Netherlands 24 Georginio Wijnaldum 14
38%
2012/13 PSV Netherlands 22 Georginio Wijnaldum 14
38%
2010/11 Feyenoord Netherlands 20 Georginio Wijnaldum 14
38%
2013/14 Feyenoord Italy 28 Graziano Pellè 23
38%
2012/13 Feyenoord Italy 27 Graziano Pellè 27
38%
2023/24 PSV Netherlands 26 Guus Til 10
38%
2021/22 Feyenoord Netherlands 24 Guus Til 15
38%
2018/19 AZ Alkmaar Netherlands 21 Guus Til 12
38%
2023/24 PSV Belgium 21 Johan Bakayoko 12
38%
2017/18 Ajax Denmark 31 Lasse Schöne 10
38%
2011/12 NEC Nijmegen Denmark 25 Lasse Schöne 11
38%
2022/23 PSV Netherlands 20 Xavi Simons 19
38%
2017/18 Ajax Netherlands 21 Donny van de Beek 11
33%
2018/19 Willem II Spain 26 Fran Sol 13
33%
2017/18 Willem II Spain 26 Fran Sol 16
33%
2016/17 Willem II Spain 25 Fran Sol 10
33%
2024/25 (So Far) Feyenoord Brazil 24 Igor Paixão 12
33%
2017/18 Ajax Netherlands 19 Justin Kluivert 10
33%
2022/23 Ajax Ghana 22 Mohammed Kudus 11
33%
2023/24 Twente Netherlands 35 Ricky van Wolfswinkel 16
33%
2021/22 Twente Netherlands 33 Ricky van Wolfswinkel 16
33%
2016/17 Vitesse Netherlands 28 Ricky van Wolfswinkel 20
33%
2010/11 Utrecht Netherlands 22 Ricky van Wolfswinkel 15
33%
2012/13 Ajax Denmark 21 Christian Eriksen 10
29%
2023/24 Ajax England 28 Chuba Akpom 11
29%
2020/21 Ajax Netherlands 28 Davy Klaassen 12
29%
2016/17 Ajax Netherlands 24 Davy Klaassen 14
29%
2015/16 Ajax Netherlands 23 Davy Klaassen 13
29%
2013/14 Ajax Netherlands 21 Davy Klaassen 10
29%
2016/17 Twente Turkey 20 Enes Ünal 18
29%
2020/21 VVV-Venlo Greece 26 Giorgos Giakoumakis 26
29%
2017/18 Feyenoord Denmark 27 Nicolai Jørgensen 10
29%
2016/17 Feyenoord Denmark 26 Nicolai Jørgensen 21
29%
2024/25 (So Far) Twente Netherlands 23 Sem Steijn 23
29%
2023/24 Twente Netherlands 22 Sem Steijn 17
29%
2019/20 Vitesse Slovenia 31 Tim Matavž 12
29%
2017/18 Vitesse Slovenia 29 Tim Matavž 14
29%
2012/13 PSV Slovenia 24 Tim Matavž 11
29%
2011/12 Groningen & PSV Slovenia 23 Tim Matavž 14
29%
2010/11 Groningen Slovenia 22 Tim Matavž 16
29%
2023/24 Feyenoord Gambia 19 Yankuba Minteh 10
29%
2019/20 Heracles Almelo Nigeria 25 Cyriel Dessers 15
24%
2012/13 AZ Alkmaar United States 23 Jozy Altidore 23
24%
2011/12 AZ Alkmaar United States 22 Jozy Altidore 16
24%
2011/12 Feyenoord & Twente Netherlands 22 Leroy Fer 10
24%
2021/22 Vitesse Belgium 22 Loïs Openda 18
24%
2020/21 Vitesse Belgium 21 Loïs Openda 10
24%
2021/22 Feyenoord Colombia 22 Luis Sinisterra 12
24%
2011/12 PSV Sweden 25 Ola Toivonen 18
24%
2010/11 PSV Sweden 24 Ola Toivonen 15
24%
2022/23 Utrecht Greece 23 Anastasios Douvikas 19
19%
2020/21 Vitesse Albania 19 Armando Broja 10
19%
2010/11 PSV Hungary 24 Balázs Dzsudzsák 16
19%
2020/21 Heerenveen Netherlands 30 Henk Veerman 14
19%
2016/17 Feyenoord Netherlands 28 Jens Toornstra 14
19%
2013/14 Utrecht Netherlands 25 Jens Toornstra 12
19%
2012/13 ADO Den Haag & Utrecht Netherlands 24 Jens Toornstra 10
19%
2013/14 PSV Curaçao 20 Jürgen Locadia 13
19%
2017/18 PSV Netherlands 25 Marco van Ginkel 14
19%
2014/15 Heerenveen Germany 23 Mark Uth 15
19%
2022/23 RKC Waalwijk Netherlands 34 Michiel Kramer 12
19%
2021/22 RKC Waalwijk Netherlands 33 Michiel Kramer 11
19%
2015/16 Feyenoord Netherlands 27 Michiel Kramer 14
19%
2014/15 ADO Den Haag Netherlands 26 Michiel Kramer 17
19%
2023/24 Utrecht Netherlands 27 Sam Lammers 10
19%
2018/19 Heerenveen Netherlands 22 Sam Lammers 16
19%
2012/13 Ajax Denmark 18 Viktor Fischer 10
19%
2015/16 Ajax Netherlands 21 Anwar El Ghazi 11
14%
2024/25 (So Far) PEC Zwolle Suriname 25 Dylan Vente 13
14%
2011/12 Feyenoord Sweden 19 John Guidetti 20
14%
2021/22 Groningen Norway 22 Jørgen Strand Larsen 14
14%
2023/24 Fortuna Sittard Netherlands 26 Kaj Sierhuis 12
14%
2023/24 PEC Zwolle Germany 32 Lennart Thy 13
14%
2020/21 Sparta Rotterdam Germany 29 Lennart Thy 14
14%
2016/17 Vitesse England 22 Lewis Baker 10
14%
2013/14 Feyenoord Netherlands 27 Lex Immers 12
14%
2012/13 Feyenoord Netherlands 26 Lex Immers 12
14%
2020/21 Emmen Netherlands 34 Michael de Leeuw 13
14%
2014/15 Groningen Netherlands 28 Michael de Leeuw 17
14%
2012/13 Groningen Netherlands 26 Michael de Leeuw 11
14%
2011/12 De Graafschap Netherlands 25 Michael de Leeuw 10
14%
2020/21 AZ Alkmaar Netherlands 20 Myron Boadu 15
14%
2019/20 AZ Alkmaar Netherlands 19 Myron Boadu 14
14%
2024/25 (So Far) Go Ahead Eagles & Ajax Norway 26 Oliver Edvardsen 11
14%
2020/21 AZ Alkmaar Netherlands 23 Teun Koopmeiners 15
14%
2019/20 AZ Alkmaar Netherlands 22 Teun Koopmeiners 11
14%
2023/24 Sparta Rotterdam Norway 26 Tobias Lauritsen 12
14%
2022/23 Sparta Rotterdam Norway 25 Tobias Lauritsen 12
14%
2022/23 Twente Czech Republic 25 Václav Černý 13
14%
2010/11 NEC Nijmegen Belgium 25 Björn Vleminckx 23
10%
2010/11 ADO Den Haag Russia 31 Dmitri Bulykin 21
10%
2018/19 PSV Uruguay 23 Gastón Pereiro 10
10%
2017/18 PSV Uruguay 22 Gastón Pereiro 11
10%
2016/17 PSV Uruguay 21 Gastón Pereiro 10
10%
2015/16 PSV Uruguay 20 Gastón Pereiro 11
10%
2013/14 PEC Zwolle Curaçao 28 Guyon Fernandez 10
10%
2010/11 Excelsior Curaçao 25 Guyon Fernandez 10
10%
2012/13 PSV Netherlands 25 Jeremain Lens 15
10%
2010/11 PSV Netherlands 23 Jeremain Lens 10
10%
2021/22 AZ Alkmaar Sweden 23 Jesper Karlsson 15
10%
2020/21 AZ Alkmaar Sweden 22 Jesper Karlsson 11
10%
2023/24 NEC Nijmegen Japan 26 Koki Ogawa 11
10%
2013/14 Vitesse Brazil 20 Lucas Piazon 11
10%
2018/19 Heerenveen Netherlands 21 Michel Vlap 16
10%
2016/17 Groningen Morocco 23 Mimoun Mahi 17
10%
2011/12 Ajax Serbia 23 Miralem Sulejmani 11
10%
2012/13 Twente Belgium 23 Nacer Chadli 10
10%
2022/23 Emmen Indonesia 22 Ole Romeny 11
10%
2019/20 AZ Alkmaar Morocco 24 Oussama Idrissi 13
10%
2014/15 Groningen Suriname 26 Tjaronn Chery 15
10%
2022/23 Sparta Rotterdam Netherlands 27 Vito van Crooij 12
10%
2017/18 Utrecht Morocco 25 Zakaria Labyad 11
10%
2018/19 ADO Den Haag Netherlands 30 Abdenasser El Khayati 17
5%
2018/19 Heracles Almelo Spain 25 Adrián Dalmau 19
5%
2010/11 Groningen Sweden 26 Andreas Granqvist 11
5%
2018/19 Heracles Almelo Curaçao 26 Brandley Kuwas 10
5%
2021/22 Feyenoord Netherlands 31 Bryan Linssen 13
5%
2019/20 Vitesse Netherlands 29 Bryan Linssen 14
5%
2018/19 Vitesse Netherlands 28 Bryan Linssen 12
5%
2017/18 Vitesse Netherlands 27 Bryan Linssen 15
5%
2016/17 Groningen Netherlands 26 Bryan Linssen 10
5%
2014/15 Heracles Almelo Netherlands 24 Bryan Linssen 10
5%
2013/14 Heracles Almelo Netherlands 23 Bryan Linssen 11
5%
2015/16 NEC Nijmegen Venezuela 28 Christian Santos 16
5%
2023/24 AZ Alkmaar Netherlands 26 Dani de Wit 10
5%
2022/23 Feyenoord Brazil 24 Danilo 10
5%
2020/21 Twente Brazil 22 Danilo 17
5%
2012/13 Heracles Almelo Brazil 29 Everton 10
5%
2010/11 Heracles Almelo Brazil 27 Everton 15
5%
2019/20 Utrecht Suriname 24 Gyrano Kerk 10
5%
2019/20 Twente Slovenia 27 Haris Vučkić 11
5%
2012/13 Utrecht Zambia 29 Jacob Mulenga 14
5%
2013/14 Feyenoord Netherlands 20 Jean-Paul Boëtius 10
5%
2013/14 Ajax Iceland 24 Kolbeinn Sigþórsson 10
5%
2010/11 AZ Alkmaar Iceland 21 Kolbeinn Sigþórsson 15
5%
2014/15 Twente Netherlands 22 Luc Castaignos 10
5%
2013/14 Twente Netherlands 21 Luc Castaignos 14
5%
2012/13 Twente Netherlands 20 Luc Castaignos 13
5%
2010/11 Feyenoord Netherlands 18 Luc Castaignos 15
5%
2023/24 NEC Nijmegen Denmark 24 Magnus Mattsson 11
5%
2011/12 Twente Austria 28 Marc Janko 10
5%
2010/11 Twente Austria 27 Marc Janko 14
5%
2010/11 NAC Breda Ghana 30 Matthew Amoah 10
5%
2013/14 NEC Nijmegen England 30 Michael Higdon 14
5%
2015/16 ADO Den Haag Japan 28 Mike Havenaar 16
5%
2013/14 Vitesse Japan 26 Mike Havenaar 10
5%
2012/13 Vitesse Japan 25 Mike Havenaar 11
5%
2012/13 ADO Den Haag Netherlands 21 Mike van Duinen 11
5%
2010/11 Ajax Morocco 26 Mounir El Hamdaoui 13
5%
2016/17 Excelsior Suriname 26 Nigel Hasselbaink 10
5%
2018/19 VVV-Venlo Togo 28 Peniel Mlapa 15
5%
2011/12 AZ Alkmaar Sweden 24 Rasmus Elm 10
5%
2016/17 Heerenveen Iran 29 Reza Ghoochannejhad 19
5%
2016/17 Heracles Almelo Sweden 26 Samuel Armenteros 19
5%
2014/15 Willem II Sweden 24 Samuel Armenteros 11
5%
2012/13 Roda Syria 29 Sanharib Malki 17
5%
2011/12 Roda Syria 28 Sanharib Malki 25
5%
2020/21 Heracles Almelo Turkey 27 Sinan Bakış 10
5%
2022/23 Heerenveen Netherlands 23 Sydney van Hooijdonk 16
5%
2017/18 NAC Breda Guadeloupe 21 Thierry Ambrose 10
5%
2014/15 PEC Zwolle Czech Republic 25 Tomáš Necid 11
5%
2017/18 Groningen Netherlands 27 Tom van Weert 12
5%
2015/16 Excelsior Netherlands 25 Tom van Weert 11
5%
2014/15 Excelsior Netherlands 24 Tom van Weert 13
5%
2017/18 Feyenoord Netherlands 23 Tonny Vilhena 11
5%
2021/22 Fortuna Sittard Netherlands 23 Zian Flemming 12
5%
2020/21 Fortuna Sittard Netherlands 22 Zian Flemming 12
5%
2014/15 NAC Breda Morocco 22 Adnane Tighadouini 14
0%
2013/14 AZ Alkmaar United States 23 Aron Jóhannsson 17
0%
2017/18 Willem II Nigeria 33 Bartholomew Ogbeche 10
0%
2015/16 Cambuur & Willem II Nigeria 31 Bartholomew Ogbeche 10
0%
2014/15 Cambuur Nigeria 30 Bartholomew Ogbeche 13
0%
2017/18 Willem II Netherlands 27 Ben Rienstra 10
0%
2017/18 ADO Den Haag Norway 26 Bjørn Johnsen 19
0%
2017/18 VVV-Venlo Netherlands 22 Clint Leemans 10
0%
2014/15 Feyenoord Turkey 28 Colin Kazim-Richards 11
0%
2017/18 Roda Germany 28 Dani Schahin 10
0%
2012/13 ADO Den Haag Netherlands 25 Danny Holla 11
0%
2015/16 PSV Netherlands 24 Davy Pröpper 10
0%
2015/16 Willem II Netherlands 28 Erik Falkenburg 11
0%
2011/12 Heerenveen Serbia 20 Filip Đuričić 10
0%
2011/12 Heracles Almelo & Twente Netherlands 25 Glynor Plet 12
0%
2014/15 Excelsior Netherlands 25 Jeff Stans 10
0%
2023/24 Heracles Almelo Netherlands 26 Jizz Hornkamp 10
0%
2018/19 Heracles Almelo Sweden 24 Kristoffer Peterson 12
0%
2022/23 NEC Nijmegen Belgium 25 Landry Dimata 10
0%
2015/16 PEC Zwolle South Africa 24 Lars Veldwijk 14
0%
2014/15 Heerenveen Suriname 21 Luciano Slagveer 11
0%
2010/11 Roda Denmark 30 Mads Junker 20
0%
2014/15 Vitesse Netherlands 25 Marko Vejinović 10
0%
2015/16 AZ Alkmaar Norway 23 Markus Henriksen 12
0%
2018/19 NAC Breda Suriname 27 Mitchell te Vrede 10
0%
2015/16 Heerenveen Suriname 24 Mitchell te Vrede 10
0%
2017/18 PEC Zwolle Turkey 25 Mustafa Saymak 11
0%
2014/15 AZ Alkmaar Serbia 23 Nemanja Gudelj 11
0%
2011/12 Heracles Almelo Morocco 23 Oussama Assaidi 10
0%
2023/24 Heerenveen Netherlands 28 Pelle van Amersfoort 10
0%
2020/21 Heracles Almelo Netherlands 26 Rai Vloet 16
0%
2013/14 Groningen Curaçao 17 Richairo Živković 10
0%
2015/16 Utrecht Netherlands 27 Ruud Boymans 10
0%
2010/11 VVV-Venlo Netherlands 21 Ruud Boymans 11
0%
2010/11 De Graafschap Netherlands 23 Rydell Poepon 12
0%
2020/21 Utrecht Netherlands 28 Sander van de Streek 11
0%
2017/18 Utrecht Netherlands 25 Sander van de Streek 10
0%
2017/18 Roda Sweden 23 Simon Gustafson 10
0%
2014/15 PEC Zwolle Netherlands 26 Stef Nijland 11
0%
2013/14 Utrecht Belgium 27 Steve De Ridder 10
0%
2023/24 Almere City France 27 Thomas Robinet 11
0%
2015/16 Vitesse Georgia 23 Valeri Qazaishvili 10
0%
2010/11 Heracles Almelo Cameroon 24 Willie Overtoom 15
0%
2018/19 De Graafschap Netherlands 26 Youssef El Jebli 10
0%
No matching quizzes found
Score Distribution
Percent of People with Each Score
Percentile by Number Answered
Your Score History
You have not taken this quiz